000 00719nam a2200241Ia 4500
003 OSt
005 20220925215405.0
006 a|||||r|||| 00| 0
007 ta
008 220923b |||||||| |||| 00| 0 eng d
037 _cGeneral Book
040 _aRTL
_cRTL
_beng
041 _2eng
_aeng
082 _aX5:(Z,343).3.N7, L4
100 _aAllard R J
_9282728
245 0 _aEconomic analysis of the effect of regulating hire purchase
260 _aLondon
_bHMSO
_c1974
300 _a100p.
_ccm.
490 _aGreat Britain, Government Economic service Occasional papers. 9
650 _aCommerce
942 _hX5:(Z,343).3.N7, L4
_cGB
_2CC
999 _c568665
_d568665